000 00513nam a2200193Ia 4500
999 _c30219
_d30219
003 OSt
005 20201124150853.0
008 190216s9999||||xx |||||||||||||| ||und||
020 _a9783161484209
040 _coclc
082 _a920
_bDAL/R
100 _aDali, Salvador
_96766
245 0 _aRahasyajeevitham /
_cSalvador Dali
250 _a1st Ed.
260 _bFabian Books,
_c2018.
_aKozhikode:
300 _a157p
650 _aMalayalam
942 _cBK
_2ddc
_h920
_iDAL/R
_k920
_mDAL/R